| 000 | 00835nam a22002417a 4500 | ||
|---|---|---|---|
| 999 |
_c4304 _d4304 |
||
| 003 | AR-CdUCM | ||
| 008 | 190308b ||||| |||| 00| 0 spa d | ||
| 040 |
_aMUNICIPALIDAD PROVINCIAL DEL CUSCO _cBIBLIOTECA MUNICIPAL DEL CUSCO |
||
| 082 |
_a780.77 / _bL86 |
||
| 100 |
_aLópez de la Viesca, Evaristo _913601 |
||
| 245 | _aEl Forum Musical / | ||
| 260 |
_aMadrid : _bMarsiega. |
||
| 300 |
_a118 páginas ; _bIlustraciones _c20cm |
||
| 440 |
_aFondo de Cultura Popular _n4 _913602 |
||
| 505 | _aContenido: El "Forum" musical -- Tres esquemas tipo de "Forum" musical: El trabajo, la solidaridad humana, el cante flamenco. | ||
| 650 |
_aMúsica _91443 |
||
| 650 |
_aAudición _913603 |
||
| 650 |
_aDiscos _913604 |
||
| 650 |
_aLetras _96124 |
||
| 700 |
_aMerchán Ovelar, Josefina _913605 |
||
| 942 |
_2ddc _cLIBROS |
||
| 945 | _anom | ||